=LDR 00000nam 2200000 4500 =001 INLIS000000000023885 =005 20130612122516 =008 ***********************************Ind** =035 ##$$0010-061300000023885 =041 ##$$a Ind =082 ##$$a 320 =090 ##$$a 320, Sud d =100 ##$$a Sudarsono, Juwono =245 ##$$a Politik dan pembangunan, Juwono Sudarsono =260 ##$$a 1980 $b Jakarta =300 ##$$a 84 hlm, 21 cm =650 ##$$a Politik =850 ##$$a NBPNMAT